TABUADA DO 6 - Statistics

Estatísticas Gerais
  • Esse quiz foi jogado 316 vezes
  • A pontuação média é 20 de 21
Estatísticas das Respostas
Hint Resposta % Correto
6X2 12
100%
6X3 18
99%
6X1 6
99%
6X0 0
98%
6X4 24
98%
6X5 30
98%
6X6 36
98%
6X7 42
98%
6X8 48
98%
6X10 60
97%
6X9 54
96%
6X11 66
94%
6X12 72
90%
6X13 78
89%
6X19 114
87%
6X14 84
87%
6X15 90
87%
6X16 96
87%
6X17 102
86%
6X18 108
86%
6X20 120
86%
Nenhum quiz correspondente encontrado
Distribuição das Pontuações
Porcentagem de Pessoas com Cada Pontuação
Percentil de Números Respondidos
Sua Pontuação Histórica
Você não jogou esse quiz